| 000 | 00456nam a22001697a 4500 | ||
|---|---|---|---|
| 005 | 20180719145153.0 | ||
| 008 | 160527b xxu||||| |||| 00| 0 eng d | ||
| 020 | _a81-297-0395-6 | ||
| 041 | _aeng | ||
| 082 |
_b5374 _a658.404 |
||
| 100 |
_aSudarsanam, Sudi _94565 |
||
| 245 | _aCreating Value from Merges and Acquisitions:the challenges | ||
| 260 |
_aNew Delhi _bAcademic Faundation _c2003 |
||
| 300 | _a585p, | ||
| 650 |
_aManagement _9241 |
||
| 942 | _cBK | ||
| 999 |
_c1908 _d1907 |
||